000 00782nam a22002537a 4500
001 BR9002156
003 BR-BrBNA
005 20230928093439.0
007 ta
008 230509b bl.||||| |||| 00| 0 por d
040 _aBR-BrBNA
_bpor
_cBiblioteca Nacional de Agricultura
041 _a(Por)
072 _aC10
_b/G514
090 _ C10 BR9002156
110 1 _aAssociacao Norteriograndense de Engenheiros Agronomos, Mossoro, RN (Brasil)
111 1 _a1. Encontro Estadual de Engenheiros Agronomos
_cMossoro, RN (Brazil)
_d11-12 Oct 1977
245 1 _aAnais do 1. Encontro Estadual de Engenheiros Agronomos
260 3 _aMossoro, RN (Brasil):
_c1977.
300 _a54 p.
650 _aAGRONOMO
650 _aOCUPACAO
909 _a202309
_bLucia
_c55
_dLucia Elande
942 _cBK
999 _c45049
_d45049